Statistics for France World Cup Squad 2014

Click here to take the quiz!

General Stats

  • This quiz has been taken 4,288 times
  • The average score is 12 of 24

Answer Stats

Position Player % Correct
GKHugo Lloris
92%
FWKarim Benzema
88%
MFPaul Pogba
72%
FWOlivier Giroud
71%
DFPatrice Évra
66%
DFRaphaël Varane
61%
ManagerDidier Deschamps
57%
MFMathieu Valbuena
57%
DFBacary Sagna
57%
DFLaurent Koscielny
56%
MFBlaise Matuidi
56%
MFAntoine Griezmann
56%
MFYohan Cabaye
50%
DFMamadou Sakho
48%
DFMathieu Debuchy
46%
MFRémy Cabella
42%
FWLoïc Rémy
42%
MFMoussa Sissoko
38%
GKStéphane Ruffier
35%
DFEliaquim Mangala
31%
DFLucas Digne
28%
MFMorgan Schneiderlin
24%
GKMickaël Landreau
23%
MFRio Mavuba
21%

Score Distribution

Percentile by Number Answered

Percent of People with Each Score

Your Score History

You have not taken this quiz